[Event "Superettan(Helsingborg-Rock., Sthlm II)"]
[Site "?"]
[Date "2022.05.13"]
[Round "9"]
[White "Bator, Robert"]
[Black "Semcesen, Daniel"]
[Result "1/2-1/2"]
[WhiteElo "2356"]
[BlackElo "2472"]
[PlyCount "32"]
[SourceDate "2022.05.23"]

1. e4 e5 2. Nf3 Nc6 3. Bc4 Be7 4. O-O Nf6 5. d3 O-O 6. Re1 d6 7. a4 h6 8. a5 a6
9. c3 Kh8 10. Qb3 Qe8 11. d4 Nd7 12. Nbd2 Bf6 13. Bd5 Ne7 14. Bc4 Nc6 15. Bd5
Ne7 16. Bc4 Nc6 1/2-1/2

[Event "Superettan(Rockaden, Umea-Orgryte)"]
[Site "?"]
[Date "2022.05.13"]
[Round "9"]
[White "Malmstig, Erik"]
[Black "Olsson, William"]
[Result "0-1"]
[WhiteElo "2177"]
[BlackElo "2316"]
[PlyCount "56"]

1. c4 c5 2. Nf3 Nc6 3. Nc3 g6 4. e3 Nf6 5. d4 cxd4 6. exd4 d5 7. cxd5 Nxd5 8.
Bc4 Nb6 9. Bb3 Bg7 10. Be3 O-O 11. d5 Na5 12. Bd4 Nxb3 13. axb3 e5 14. Bc5 Re8
15. O-O e4 16. Bxb6 Qxb6 17. Nd2 e3 18. Nc4 exf2+ 19. Kh1 Qc5 20. Qf3 b5 21.
Na5 Bf5 22. Nc6 b4 23. Na4 Qd6 24. Rxf2 Re4 25. Rd1 Rae8 26. Rff1 Rh4 27. h3
Rxh3+ 28. gxh3 Be4 0-1

[Event "Superettan(Helsingborg-Rock., Sthlm II)"]
[Site "?"]
[Date "2022.05.13"]
[Round "9"]
[White "Sylvan, Jacob"]
[Black "Crevatin, Leo"]
[Result "1/2-1/2"]
[WhiteElo "2312"]
[BlackElo "2266"]
[PlyCount "80"]

1. e4 c6 2. d4 d5 3. exd5 cxd5 4. c4 Nf6 5. Nc3 Nc6 6. Nf3 a6 7. h3 g6 8. c5
Bg7 9. Be2 O-O 10. O-O Ne4 11. Na4 e5 12. dxe5 Be6 13. Nb6 Rb8 14. Be3 Nxe5 15.
Nd4 Qe7 16. Rc1 Nd7 17. Nxd7 Bxd7 18. c6 bxc6 19. Nxc6 Bxc6 20. Rxc6 Rxb2 21.
Bxa6 d4 22. Bc1 Nc3 23. Qf3 Rxa2 24. Bc4 Ne2+ 25. Kh1 Nxc1 26. Rxc1 Ra5 27. Bd5
Qd7 28. Be4 Be5 29. R6c5 Rxc5 30. Rxc5 Qe7 31. Rc1 Rd8 32. Bd3 Qf6 33. Qxf6
Bxf6 34. Kg1 Re8 35. Kf1 Kg7 36. Rc7 Re7 37. Rxe7 Bxe7 38. Ke2 h5 39. g4 hxg4
40. hxg4 Bc5 1/2-1/2

[Event "Superettan(Rockaden, Umea-Orgryte)"]
[Site "?"]
[Date "2022.05.13"]
[Round "9"]
[White "Frisk Kockum, Anton"]
[Black "Mardell, Jimmy"]
[Result "1/2-1/2"]
[WhiteElo "2341"]
[BlackElo "2140"]
[PlyCount "97"]

1. d4 d5 2. c4 c6 3. Nf3 Nf6 4. Nc3 e6 5. Bg5 h6 6. Bxf6 Qxf6 7. e3 Nd7 8. Bd3
Bd6 9. O-O O-O 10. e4 dxe4 11. Nxe4 Qe7 12. Nxd6 Qxd6 13. c5 Qc7 14. Qe2 b6 15.
b4 a5 16. b5 Bb7 17. Rac1 Rac8 18. Qe4 Nf6 19. Qe5 cxb5 20. Qxc7 Rxc7 21. cxb6
Rxc1 22. Rxc1 Rc8 23. Rxc8+ Bxc8 24. Ne5 Nd5 25. Nd7 b4 26. Bc4 a4 27. Bxd5
exd5 28. Nc5 b3 29. axb3 a3 30. b4 a2 31. Nb3 Kf8 32. Kf1 Ke7 33. Ke1 Kd6 34.
Kd2 Ba6 35. Kc3 Bc4 36. Na1 Kc6 37. Kb2 Kxb6 38. Nc2 Kb5 39. Ne3 Kxb4 40. Nf5
Bd3 41. Nxg7 Bb1 42. Ne8 Kc4 43. Nd6+ Kxd4 44. Nxf7 h5 45. h4 Ke4 46. Nd6+ Kd3
47. Nb5 d4 48. f3 Ke3 49. Nxd4 1/2-1/2

[Event "Superettan(Helsingborg-Rock., Sthlm II)"]
[Site "?"]
[Date "2022.05.13"]
[Round "9"]
[White "Olsson, Krister"]
[Black "Kristensen, Kare Hove"]
[Result "1/2-1/2"]
[WhiteElo "2332"]
[BlackElo "2307"]
[PlyCount "24"]

1. d4 Nf6 2. Nf3 b6 3. Bg5 e6 4. e3 Bb7 5. Bd3 c5 6. Nbd2 cxd4 7. exd4 Be7 8.
O-O O-O 9. Re1 d6 10. c3 Nbd7 11. Nc4 Re8 12. Nfd2 h6 1/2-1/2

[Event "Superettan(Rockaden, Umea-Orgryte)"]
[Site "?"]
[Date "2022.05.13"]
[Round "9"]
[White "Nygren, David"]
[Black "Kumar, Rahul"]
[Result "0-1"]
[WhiteElo "2182"]
[BlackElo "2184"]
[PlyCount "76"]

1. e4 d6 2. d4 g6 3. Nf3 Bg7 4. Be3 a6 5. Qd2 Bg4 6. Be2 Nc6 7. Nc3 e5 8. d5
Nce7 9. Ng1 Bd7 10. f4 Nf6 11. fxe5 dxe5 12. h3 O-O 13. g4 b5 14. Bc5 a5 15. g5
Nh5 16. Bxh5 gxh5 17. Qe2 f5 18. gxf6 Rxf6 19. Qxh5 Be8 20. Qg4 b4 21. Nce2
Nxd5 22. O-O-O Rg6 23. Rxd5 Bh6+ 24. Kb1 Rxg4 25. hxg4 Qf6 26. Ng3 Bc6 27. Nf5
Bf8 28. g5 Qxf5 29. exf5 Bxd5 30. Bxf8 Bxh1 31. Be7 Kf7 32. Bf6 Re8 33. Ne2 Bf3
34. Ng3 h5 35. Kc1 h4 36. Nf1 Be4 37. Ne3 h3 38. Kd2 h2 0-1

[Event "Superettan(Helsingborg-Rock., Sthlm II)"]
[Site "?"]
[Date "2022.05.13"]
[Round "9"]
[White "Nilsson, Anders"]
[Black "Eriksson, Dan"]
[Result "0-1"]
[WhiteElo "2237"]
[BlackElo "2184"]
[PlyCount "110"]

1. d4 d5 2. Bf4 Nc6 3. e3 Bf5 4. c4 e5 5. dxe5 d4 6. a3 g5 7. Bg3 Bg7 8. Bd3
Nge7 9. e4 Be6 10. Nf3 Ng6 11. h4 g4 12. h5 Ngxe5 13. Nxe5 Bxe5 14. Bh4 Bf6 15.
Bxf6 Qxf6 16. Nd2 O-O-O 17. Qe2 Ne5 18. Nf1 Qg5 19. Ng3 h6 20. b3 Rhe8 21. O-O
Kb8 22. Rad1 f5 23. exf5 Bxf5 24. Be4 Bxe4 25. Nxe4 Nf3+ 26. Qxf3 gxf3 27. Nxg5
hxg5 28. gxf3 Rh8 29. Rfe1 c5 30. Re5 Rxh5 31. Rxc5 Rdh8 32. Kf1 Rh1+ 33. Ke2
Re8+ 34. Kd2 Rh2 35. Rf1 Re3 36. Rd5 Rxb3 37. Rxd4 Rxf3 38. Rg4 Rhxf2+ 39. Rxf2
Rxf2+ 40. Ke3 Rf5 41. Ke4 Rc5 42. Kd4 b6 43. Re4 Kb7 44. Re7+ Rc7 45. Re5 Rg7
46. c5 g4 47. cxb6 g3 48. Re1 axb6 49. Kc4 g2 50. Rg1 Ka6 51. Kb4 Rg4+ 52. Kc3
Ka5 53. Kb3 Rg3+ 54. Ka2 Ka4 55. Kb2 b5 0-1

[Event "Superettan(Kristallen-Burgsvik)"]
[Site "?"]
[Date "2022.05.13"]
[Round "3"]
[White "Haitin, Ilja"]
[Black "Walinder, Lars"]
[Result "1/2-1/2"]
[WhiteElo "2355"]
[BlackElo "2263"]
[PlyCount "65"]
[SourceDate "2022.05.21"]

1. d4 Nf6 2. g3 e6 3. Bg2 d5 4. Nf3 b5 5. O-O Be7 6. a4 b4 7. c4 bxc3 8. bxc3
O-O 9. c4 Bb7 10. cxd5 exd5 11. Ba3 Nbd7 12. Nbd2 Re8 13. e3 Bxa3 14. Rxa3 Qe7
15. Qa1 c5 16. dxc5 Nxc5 17. Nb3 Ba6 18. Rd1 Nce4 19. Nbd2 Rac8 20. Nxe4 dxe4
21. Nd4 Qc5 22. Nb5 Bxb5 23. axb5 Qxb5 24. Rxa7 h6 25. Bf1 Qh5 26. Ra5 Qf3 27.
Bg2 Qe2 28. Ra2 Rc2 29. Rxc2 Qxc2 30. Rc1 Qd2 31. Rd1 Qc2 32. Rc1 Qd2 33. Rd1
1/2-1/2

[Event "Superettan(Rockaden, Umea-Orgryte)"]
[Site "?"]
[Date "2022.05.13"]
[Round "9"]
[White "Arnelind, Mikael"]
[Black "Isaksson, Henrik"]
[Result "1/2-1/2"]
[WhiteElo "2215"]
[BlackElo "2117"]
[PlyCount "87"]

1. d4 f5 2. Nc3 Nf6 3. Bg5 d5 4. Bxf6 exf6 5. e3 c6 6. Bd3 Na6 7. Bxa6 bxa6 8.
Nge2 Bd6 9. Qd2 Rb8 10. Na4 Qe7 11. a3 O-O 12. O-O Re8 13. Rac1 Qc7 14. g3 a5
15. Rfe1 Ba6 16. Nf4 Bb5 17. Nc5 Bxc5 18. dxc5 a4 19. b4 Qe5 20. c3 Qe4 21. Qc2
g5 22. Ng2 Kf7 23. Red1 a5 24. Rd4 Qxc2 25. Rxc2 Re4 26. Rcd2 Bc4 27. f3 Re7
28. Kf2 Rbe8 29. Rb2 Rb8 30. Rb1 Bb3 31. Ke2 Rbe8 32. Kd2 Bc4 33. Rh1 Kg6 34.
Re1 Bb3 35. Rg1 Kf7 36. Ra1 Kg6 37. Rb1 Ba2 38. Re1 Bb3 39. Kc1 Bc4 40. Kd2 Bb3
41. Ke2 Kf7 42. Kf2 Kg6 43. Rh1 h6 44. Re1 1/2-1/2

[Event "Superettan(Helsingborg-Rock., Sthlm II)"]
[Site "?"]
[Date "2022.05.13"]
[Round "9"]
[White "Nikolic, Vladan"]
[Black "Nilsson Hask, Patrik"]
[Result "0-1"]
[WhiteElo "2205"]
[BlackElo "2199"]
[PlyCount "90"]

1. d4 f5 2. Nc3 Nf6 3. Bg5 d5 4. Bxf6 exf6 5. e3 Be6 6. Qf3 Qd7 7. Bd3 Nc6 8.
O-O-O O-O-O 9. a3 g5 10. h3 h5 11. Bb5 a6 12. Bxc6 Qxc6 13. Nge2 h4 14. Na2 Be7
15. Nec3 Qc4 16. Kb1 b5 17. Qe2 Qxe2 18. Nxe2 c6 19. Rde1 Kc7 20. Nac1 a5 21.
Nd3 Ra8 22. Nec1 a4 23. c3 Bf7 24. Kc2 Bd6 25. Kd2 Kb6 26. Rhf1 Rhg8 27. Ne2
Rae8 28. f3 Re7 29. Nec1 Bg3 30. Re2 Rge8 31. Nc5 Bg6 32. N5d3 Bd6 33. Ree1 Bg3
34. Re2 Bh5 35. Rh1 g4 36. fxg4 fxg4 37. Nf4 Bxf4 38. exf4 Rxe2+ 39. Nxe2 gxh3
40. Ng1 Rg8 41. Nxh3 Rxg2+ 42. Ke3 Re2+ 43. Kd3 Rxb2 44. Ng1 Rg2 45. Ke3 Bg4
0-1

[Event "Superettan(Kristallen-Burgsvik)"]
[Site "?"]
[Date "2022.05.13"]
[Round "3"]
[White "Andersson, Goran L"]
[Black "Persson, Mats"]
[Result "1/2-1/2"]
[WhiteElo "2246"]
[BlackElo "2349"]
[PlyCount "68"]

1. Nf3 d5 2. c4 e6 3. g3 Nf6 4. Bg2 dxc4 5. Qa4+ c6 6. Qxc4 Bd6 7. d4 Nbd7 8.
O-O O-O 9. Nc3 e5 10. Bg5 Nb6 11. Qd3 exd4 12. Nxd4 Be5 13. Rad1 Qe7 14. f4 Bc7
15. e4 Qc5 16. e5 Nfd5 17. Nxd5 Nxd5 18. Rc1 Qa5 19. a3 Bb6 20. Kh1 h6 21. Bh4
Re8 22. Rfe1 Ne7 23. Be4 Bg4 24. Nb3 Qa4 25. Nc5 Bxc5 26. Rxc5 Rad8 27. Qc2 Qd4
28. Rc3 Bd1 29. Qg2 Qd2 30. Qxd2 Rxd2 31. Bxe7 Rxe7 32. Rd3 Rxd3 33. Bxd3 Bf3+
34. Kg1 Rd7 1/2-1/2

[Event "Superettan(Rockaden, Umea-Orgryte)"]
[Site "?"]
[Date "2022.05.13"]
[Round "9"]
[White "Mardell, Jonas"]
[Black "Eksmyr, Johan"]
[Result "1-0"]
[WhiteElo "2126"]
[BlackElo "2171"]
[PlyCount "55"]

1. e4 c6 2. Nc3 d5 3. Qf3 dxe4 4. Nxe4 Nf6 5. Bc4 Nbd7 6. Nxf6+ gxf6 7. Bb3 Qa5
8. Qc3 Qxc3 9. dxc3 Rg8 10. g3 Ne5 11. Be3 Bg4 12. f4 Nd7 13. h3 Bf5 14. Ne2 h5
15. O-O-O e6 16. Bf2 Be4 17. Rhg1 Bc5 18. Bxc5 Nxc5 19. Bc4 Bd5 20. Bxd5 cxd5
21. f5 Ke7 22. Nf4 Rg5 23. Rge1 Kd6 24. b4 Na4 25. fxe6 Nxc3 26. exf7 Re5 27.
Rxe5 fxe5 28. Ng6 1-0

[Event "Superettan(Helsingborg-Rock., Sthlm II)"]
[Site "?"]
[Date "2022.05.13"]
[Round "9"]
[White "Rosell, Tomas"]
[Black "Narva, David"]
[Result "1-0"]
[WhiteElo "2176"]
[BlackElo "2054"]
[PlyCount "43"]

1. e4 c5 2. Nf3 d6 3. d4 cxd4 4. Nxd4 Nc6 5. Nc3 e6 6. Be2 Be7 7. O-O Nf6 8.
Be3 O-O 9. f4 Bd7 10. Qe1 Nxd4 11. Bxd4 Bc6 12. Qg3 Qa5 13. a3 b5 14. b4 Qc7
15. Bd3 Nh5 16. Qg4 Bf6 17. e5 dxe5 18. fxe5 Bxe5 19. Bxh7+ Kh8 20. Qxh5 Bxd4+
21. Kh1 Qe5 22. Bf5+ 1-0

[Event "Superettan(Kristallen-Burgsvik)"]
[Site "?"]
[Date "2022.05.13"]
[Round "3"]
[White "Andersson, Tommy"]
[Black "Lindh, Fredrik"]
[Result "1-0"]
[WhiteElo "2380"]
[BlackElo "2303"]
[PlyCount "93"]

1. d4 Nf6 2. c4 g6 3. f3 d5 4. cxd5 Nxd5 5. e4 Nb6 6. Nc3 Bg7 7. Be3 Nc6 8. Bb5
O-O 9. Nge2 Na5 10. b3 a6 11. Bd3 Nc6 12. Bc2 Qd6 13. Qd2 Nb4 14. Rd1 Nxc2+ 15.
Qxc2 f5 16. O-O fxe4 17. fxe4 Bg4 18. h3 Bxe2 19. Nxe2 Rxf1+ 20. Rxf1 Rf8 21.
Rxf8+ Kxf8 22. a4 c6 23. a5 Nd7 24. e5 Qd5 25. b4 Qb5 26. Qd2 Qc4 27. Ng3 Kg8
28. Bg5 Bf8 29. Qb2 h6 30. Bd2 Bg7 31. Be3 Nf8 32. Qb1 h5 33. Ne4 Ne6 34. Nc5
Nxd4 35. Qxg6 Ne2+ 36. Kf2 Nc3 37. Qe8+ Bf8 38. Qg6+ Bg7 39. Qe8+ Bf8 40. Qxh5
Qxb4 41. Qg6+ Kh8 42. Qe8 Kg8 43. Qg6+ Kh8 44. Qe8 Kg8 45. Nd7 Qh4+ 46. g3 Nd1+
47. Kf3 1-0

[Event "Superettan(Rockaden, Umea-Orgryte)"]
[Site "?"]
[Date "2022.05.13"]
[Round "9"]
[White "Anderzen, Robert"]
[Black "Hjalmarsson, Per"]
[Result "0-1"]
[WhiteElo "2099"]
[BlackElo "1920"]
[PlyCount "100"]

1. d4 g6 2. Bf4 Bg7 3. Nc3 d5 4. Qd2 Nf6 5. Bh6 Bxh6 6. Qxh6 Nc6 7. O-O-O Bf5
8. f3 Qd6 9. g4 Be6 10. Nb5 Qd7 11. Nh3 O-O-O 12. Nf4 a6 13. Nc3 Qd6 14. e3 Kb8
15. g5 Nd7 16. Nd3 Bf5 17. f4 Bxd3 18. cxd3 Nb4 19. a3 Nc6 20. Bg2 e6 21. Kb1
Na5 22. Rc1 c5 23. dxc5 Nxc5 24. Rhd1 Nc6 25. d4 Nb3 26. Rc2 b5 27. Rd3 Nba5
28. Na2 Rc8 29. Rdc3 Nc4 30. Bf1 Kb7 31. Qg7 Qe7 32. Qh6 f6 33. gxf6 Qxf6 34.
h4 Ne7 35. Qg5 Qxg5 36. hxg5 Nf5 37. Bxc4 bxc4 38. Rh2 Rc7 39. Rh3 h6 40. gxh6
Rch7 41. Nb4 Rxh6 42. Rxh6 Rxh6 43. Nc2 Nd6 44. Ne1 Rh3 45. Ng2 Kc6 46. Rc2 Kd7
47. Kc1 Ke7 48. Kd1 Kf6 49. b3 cxb3 50. Rb2 Rg3 0-1

[Event "Superettan(Helsingborg-Rock., Sthlm II)"]
[Site "?"]
[Date "2022.05.13"]
[Round "9"]
[White "Svorono, Gabriel"]
[Black "Jonsson, Filip"]
[Result "1-0"]
[WhiteElo "2073"]
[BlackElo "1970"]
[PlyCount "81"]
[SourceDate "2022.05.23"]

1. e4 e6 2. d4 d5 3. Nc3 Nf6 4. e5 Nfd7 5. f4 c5 6. Nf3 Nc6 7. Be3 Be7 8. Qd2
O-O 9. g3 f6 10. exf6 Bxf6 11. Bg2 Nb6 12. b3 cxd4 13. Nxd4 e5 14. fxe5 Nxe5
15. h3 Be7 16. Rf1 Kh8 17. Nde2 Rxf1+ 18. Kxf1 Qf8+ 19. Kg1 Nf3+ 20. Bxf3 Qxf3
21. Rf1 Qh5 22. Nf4 Qe5 23. Re1 Qd6 24. Ncxd5 Nxd5 25. Qxd5 Qxd5 26. Nxd5 Bd6
27. Kh2 Bd7 28. c4 h5 29. c5 Be5 30. Bf4 Bd4 31. Rd1 Bb2 32. Nc7 Rd8 33. Bg5
Bf6 34. Bxf6 gxf6 35. Ne6 Re8 36. Rxd7 Rxe6 37. Rxb7 a5 38. a3 Re2+ 39. Kg1 Rc2
40. b4 Rc3 41. bxa5 1-0

[Event "Superettan(Kristallen-Burgsvik)"]
[Site "?"]
[Date "2022.05.13"]
[Round "3"]
[White "Persson, Andreas"]
[Black "Larsson, Victor"]
[Result "1/2-1/2"]
[WhiteElo "2117"]
[BlackElo "2193"]
[PlyCount "44"]

1. d4 d5 2. Nf3 Nf6 3. g3 e6 4. Bg2 Be7 5. O-O O-O 6. c4 dxc4 7. Qc2 a6 8. a4
Bd7 9. Qxc4 Bc6 10. Bg5 Bd5 11. Qc2 Be4 12. Qc1 Nc6 13. e3 Nb4 14. Nc3 Bd3 15.
Rd1 a5 16. Ne5 Ba6 17. b3 Nbd5 18. Bxf6 Nxf6 19. Qb2 c6 20. Rac1 Qb6 21. Qb1
Rfd8 22. Ne4 Nxe4 1/2-1/2

[Event "Superettan(Rockaden, Umea-Orgryte)"]
[Site "?"]
[Date "2022.05.13"]
[Round "9"]
[White "Johansson, David"]
[Black "Green, Per"]
[Result "1-0"]
[WhiteElo "2113"]
[BlackElo "1946"]
[PlyCount "43"]

1. e4 c5 2. c3 Nf6 3. e5 Nd5 4. Nf3 d6 5. exd6 Qxd6 6. d4 cxd4 7. Nxd4 a6 8.
Bc4 e6 9. O-O Nf6 10. Qf3 Be7 11. Re1 O-O 12. Bf4 Qc5 13. Nd2 Qh5 14. Qg3 Bd7
15. h3 Nc6 16. Nxc6 Bxc6 17. Re5 Qg6 18. Rg5 Qc2 19. Bd3 Qxb2 20. Rb1 Qxa2 21.
Rxg7+ Kh8 22. Be5 1-0

[Event "Superettan(Helsingborg-Rock., Sthlm II)"]
[Site "?"]
[Date "2022.05.13"]
[Round "9"]
[White "Rothman, Peter"]
[Black "Ekenberg, Ulf"]
[Result "0-1"]
[WhiteElo "2124"]
[BlackElo "2014"]
[PlyCount "70"]

1. d4 d5 2. c4 e6 3. Nc3 c6 4. e3 Nf6 5. Nf3 Nbd7 6. Bd3 dxc4 7. Bxc4 b5 8. Bd3
b4 9. Na4 c5 10. O-O cxd4 11. exd4 Bb7 12. Bg5 Be7 13. Rc1 O-O 14. Ne5 Nxe5 15.
dxe5 Qd5 16. f3 Qxe5 17. Bxf6 Bxf6 18. Qc2 g6 19. Qc5 Rfd8 20. Qxe5 Bxe5 21.
Rfd1 Rac8 22. Rxc8 Bxc8 23. h3 Ba6 24. Be2 Rxd1+ 25. Bxd1 Bc4 26. b3 Bd4+ 27.
Kh2 Bd3 28. Kg3 e5 29. h4 f5 30. Kh3 Kf7 31. g4 Ke6 32. h5 gxh5 33. gxf5+ Kxf5
34. Kg3 h4+ 35. Kxh4 Kf4 0-1

[Event "Superettan(Kristallen-Burgsvik)"]
[Site "?"]
[Date "2022.05.13"]
[Round "3"]
[White "Andersson, Bjorn"]
[Black "Naslund, Mikael"]
[Result "0-1"]
[WhiteElo "2131"]
[BlackElo "2146"]
[PlyCount "112"]

1. e4 d5 2. exd5 Nf6 3. Nc3 Nxd5 4. Bc4 Nb6 5. Bb3 Nc6 6. a4 Nd4 7. Ba2 Bf5 8.
d3 a5 9. Be3 e6 10. Nge2 c5 11. Ng3 Bg6 12. O-O Be7 13. Nce4 Rc8 14. Qd2 O-O
15. Bb1 Nd5 16. Ba2 b6 17. Bc4 h6 18. Nc3 Nxe3 19. fxe3 Nc6 20. Qe2 Bf6 21.
Rad1 Be5 22. Qf3 Qh4 23. Ba6 Ne7 24. Bxc8 Rxc8 25. Qb7 Rb8 26. Qd7 Nf5 27. Rxf5
Bxf5 28. Rf1 Bg6 29. Nce2 Qd8 30. Qb5 f6 31. Nf4 Bf7 32. c3 Rb7 33. d4 cxd4 34.
exd4 Bb8 35. Nfe2 Re7 36. Rd1 Be8 37. Qc4 Qd5 38. Qxd5 exd5 39. b3 h5 40. Kf2
Bg6 41. Rd2 Bd6 42. Nf1 h4 43. Ne3 Be4 44. g3 g5 45. Ng2 hxg3+ 46. Nxg3 Rh7 47.
b4 axb4 48. Nxe4 dxe4 49. c4 Rxh2 50. a5 bxa5 51. c5 e3+ 52. Kxe3 Bf4+ 53. Ke4
Bxd2 54. c6 Rxg2 55. c7 Re2+ 56. Kd3 Re8 0-1

[Event "Superettan(Upsala-Vasteras II)"]
[Site "?"]
[Date "2022.05.13"]
[Round "9"]
[White "Nordebrink, Johan"]
[Black "Johansson, Jan"]
[Result "0-1"]
[WhiteElo "2103"]
[BlackElo "2291"]
[PlyCount "80"]
[SourceDate "2022.05.22"]

1. e4 d6 2. d4 Nf6 3. Nc3 e5 4. Nf3 Nbd7 5. g3 Be7 6. Bg2 O-O 7. O-O c6 8. a4
Re8 9. a5 Bf8 10. Re1 Qc7 11. h3 Rb8 12. Be3 b5 13. axb6 axb6 14. g4 g6 15. g5
Nh5 16. Nh2 exd4 17. Qxd4 Bg7 18. Qd2 Ne5 19. b3 f5 20. Rad1 Nf7 21. h4 fxe4
22. Nxe4 Bf5 23. Bd4 d5 24. Bxg7 Kxg7 25. Nf6 Nxf6 26. gxf6+ Kg8 27. Qc3 Qd6
28. Re7 Rxe7 29. fxe7 Re8 30. Re1 c5 31. Qg3 Rxe7 32. Rxe7 Qxe7 33. Bxd5 Kg7
34. Qc3+ Qf6 35. Qxf6+ Kxf6 36. Bxf7 Kxf7 37. c3 Bc2 38. b4 cxb4 39. cxb4 Ke6
40. Nf3 Kd5 0-1

[Event "Superettan(Farsta-SS 4 Springare)"]
[Site "?"]
[Date "2022.05.13"]
[Round "9"]
[White "Sivuk, Vitalii"]
[Black "Livner, Anders"]
[Result "1-0"]
[WhiteElo "2512"]
[BlackElo "2379"]
[PlyCount "109"]

1. d4 d5 2. c4 e6 3. Nf3 Nf6 4. g3 Bb4+ 5. Bd2 Bd6 6. Nc3 O-O 7. Qc2 Nc6 8. Bg2
dxc4 9. O-O a6 10. Ne4 Be7 11. e3 Nxe4 12. Qxe4 Rb8 13. Qc2 e5 14. Nxe5 Nxe5
15. dxe5 c5 16. Be4 h6 17. a4 b6 18. Bc3 Be6 19. Rad1 Qe8 20. f4 f5 21. exf6
Bxf6 22. Rd6 Qe7 23. Rfd1 Rfd8 24. Bxf6 gxf6 25. Qd2 Rxd6 26. Qxd6 Qxd6 27.
Rxd6 Bf7 28. Kf2 Kg7 29. Ke2 h5 30. h3 Bg6 31. Bxg6 Kxg6 32. g4 hxg4 33. hxg4
Kf7 34. Rc6 b5 35. Rxc5 bxa4 36. Rxc4 Rxb2+ 37. Kf3 a3 38. Ra4 a2 39. Rxa6 Kg7
40. f5 Kf7 41. Ra7+ Kf8 42. e4 Kg8 43. e5 Rb3+ 44. Kf4 Rb4+ 45. Kg3 fxe5 46.
Rxa2 Re4 47. Kh4 Re1 48. Kg5 Re4 49. Ra7 Rb4 50. Re7 Re4 51. Kh5 Kf8 52. Re6
Re1 53. Kg6 e4 54. f6 e3 55. f7 1-0

[Event "Superettan(Kristallen-Burgsvik)"]
[Site "?"]
[Date "2022.05.13"]
[Round "3"]
[White "Ostling, Hakan"]
[Black "Fraenkel, Mikael"]
[Result "1-0"]
[WhiteElo "2143"]
[BlackElo "2007"]
[PlyCount "75"]

1. f4 d5 2. Nf3 c5 3. g3 Nc6 4. d3 g6 5. Bg2 Bg7 6. O-O d4 7. Na3 Be6 8. e4
dxe3 9. c3 Qa5 10. Ng5 Bd7 11. Bxe3 Nh6 12. Nc4 Qc7 13. Bxc5 Na5 14. Bb4 Nc6
15. Ba3 O-O-O 16. Qe2 Rhe8 17. h3 b5 18. Ne3 Qb6 19. Kh2 a5 20. Nd5 Qb8 21. Bc5
e6 22. Nb6+ Kc7 23. Ne4 Bc8 24. Nxc8 Kxc8 25. a4 e5 26. axb5 Qxb5 27. Nd6+ Rxd6
28. Bxd6 Re6 29. fxe5 Nf5 30. Bxc6 Qxc6 31. Qf3 Qb5 32. Qa8+ Kd7 33. Rxa5 Qxb2+
34. Kg1 Rxd6 35. exd6 Qb6+ 36. d4 Bxd4+ 37. cxd4 Qxd4+ 38. Rf2 1-0

[Event "Superettan(Upsala-Vasteras II)"]
[Site "?"]
[Date "2022.05.13"]
[Round "9"]
[White "Sirin, Atakan"]
[Black "Magnusson, Karl"]
[Result "1-0"]
[WhiteElo "2280"]
[BlackElo "2121"]
[PlyCount "40"]
[EventDate "2022.??.??"]

1. d4 Nf6 2. Nc3 d5 3. Bg5 e6 4. e4 dxe4 5. Nxe4 Be7 6. Bxf6 Bxf6 7. Nf3 Nd7 8.
Qd2 O-O 9. O-O-O c6 10. g4 Qc7 11. Bd3 c5 12. g5 Be7 13. Rhg1 g6 14. Bb5 Bd6
15. Kb1 Bf4 16. Qc3 cxd4 17. Qxc7 Bxc7 18. Bxd7 Bxd7 19. Nf6+ Kg7 20. Nxd7 Rfd8
1-0

[Event "Superettan(Farsta-SS 4 Springare)"]
[Site "?"]
[Date "2022.05.13"]
[Round "9"]
[White "Degerman, Lars"]
[Black "Poley, Vladimir"]
[Result "1/2-1/2"]
[WhiteElo "2433"]
[BlackElo "2324"]
[PlyCount "144"]

1. c4 e5 2. g3 Nf6 3. Bg2 c6 4. Nf3 d6 5. O-O Be7 6. Nc3 O-O 7. d3 a5 8. Bd2
Na6 9. a3 Bg4 10. Rb1 h6 11. b4 axb4 12. axb4 Re8 13. h3 Bxf3 14. Bxf3 d5 15.
b5 Nc5 16. bxc6 bxc6 17. cxd5 cxd5 18. Bg2 Ra6 19. Qc2 Qd7 20. Ra1 Rxa1 21.
Rxa1 Bf8 22. Ra5 Nb7 23. Ra6 Nc5 24. Rxf6 gxf6 25. Nxd5 Re6 26. Bxh6 Qa4 27.
Qc1 Bxh6 28. Qxh6 Qd1+ 29. Kh2 Qxe2 30. Nxf6+ Rxf6 31. Qxf6 Nxd3 32. Kg1 Qd1+
33. Bf1 Ne1 34. h4 Qd5 35. Kh2 Nf3+ 36. Kh3 Ng1+ 37. Kg4 Qe4+ 38. Kh5 Qh7+ 39.
Qh6 Nf3 40. Qxh7+ Kxh7 41. Bg2 Nd4 42. Kg5 Kg7 43. Be4 f6+ 44. Kg4 Kh6 45. Bd3
Kg7 46. Kh5 Nc6 47. Bc4 Nd4 48. Bd5 Ne2 49. Bb3 Nd4 50. Bc4 Kh7 51. Kg4 Kg6 52.
Kh3 Kh5 53. Kg2 Kg4 54. f3+ Kh5 55. Kf2 f5 56. Bf7+ Kh6 57. Bd5 Kh5 58. Bc4 Kh6
59. Bd3 Kh5 60. Bc4 Kh6 61. Bd5 Kh5 62. Ke3 Nc2+ 63. Kd3 Nb4+ 64. Kc4 Nc2 65.
Kc5 Ne1 66. Kd6 f4 67. g4+ Kxh4 68. Kxe5 Kg5 69. Be4 Ng2 70. Kd4 Ne3 71. Bf5
Nxf5+ 72. gxf5 Kxf5 1/2-1/2

[Event "Superettan(Kristallen-Burgsvik)"]
[Site "?"]
[Date "2022.05.13"]
[Round "3"]
[White "Tuvesson, Mats"]
[Black "Gamback, Bjorn"]
[Result "1/2-1/2"]
[WhiteElo "2071"]
[BlackElo "2092"]
[PlyCount "36"]

1. d4 d5 2. c4 e6 3. Nf3 c5 4. cxd5 exd5 5. Nc3 Nc6 6. Bf4 Nf6 7. e3 Bg4 8. Be2
Be7 9. O-O cxd4 10. Nxd4 Bxe2 11. Qxe2 Nxd4 12. exd4 O-O 13. Qb5 Qb6 14. Qxb6
axb6 15. Bc7 Bd8 16. Bd6 Re8 17. f3 Re6 18. Bg3 Rc8 1/2-1/2

[Event "Superettan(Upsala-Vasteras II)"]
[Site "?"]
[Date "2022.05.13"]
[Round "9"]
[White "Landgren, Andreas"]
[Black "Burwick, Malte"]
[Result "1/2-1/2"]
[WhiteElo "2195"]
[BlackElo "2215"]
[PlyCount "34"]

1. d4 g6 2. e4 Bg7 3. Nc3 d6 4. Be3 a6 5. Qd2 b5 6. h4 h6 7. O-O-O c6 8. h5 g5
9. f4 gxf4 10. Bxf4 Nf6 11. Qe1 b4 12. Nb1 Be6 13. Bd3 Qb6 14. Nf3 Nbd7 15. e5
Nd5 16. Bd2 dxe5 17. dxe5 Qc7 1/2-1/2

[Event "Superettan(Farsta-SS 4 Springare)"]
[Site "?"]
[Date "2022.05.13"]
[Round "9"]
[White "Mattsson, Michael"]
[Black "Ong, Kezli"]
[Result "0-1"]
[WhiteElo "2059"]
[BlackElo "2300"]
[PlyCount "110"]

1. e4 e5 2. Nf3 Nc6 3. Bb5 a6 4. Ba4 Nf6 5. O-O Be7 6. Re1 b5 7. Bb3 O-O 8. c3
d6 9. h3 Nb8 10. d4 Nbd7 11. a4 Bb7 12. Qd3 c5 13. Bc2 c4 14. Qe2 Re8 15. axb5
axb5 16. Na3 exd4 17. Nxd4 Bf8 18. Bg5 h6 19. Bxf6 Nxf6 20. Naxb5 Rxa1 21. Rxa1
Nxe4 22. Qxc4 Nxf2 23. Kxf2 Qg5 24. Nf3 Bxf3 25. gxf3 Qd2+ 26. Kf1 Qxc2 27. Re1
Rxe1+ 28. Kxe1 Qxb2 29. Qd5 Qg2 30. Qf5 g6 31. Qg4 Qb2 32. Qd7 h5 33. Kf1 Qd2
34. Qc6 Qf4 35. Qe4 Qh2 36. h4 Bg7 37. Qe8+ Bf8 38. Qe4 Qb2 39. Qd5 Qc1+ 40.
Ke2 Qf4 41. Qe4 Qf6 42. Kf2 Be7 43. Kg3 d5 44. Qxd5 Qxh4+ 45. Kg2 Qe1 46. Qe4
Qd2+ 47. Kh1 Bg5 48. Qe8+ Kg7 49. Qe5+ Bf6 50. Qc5 Qd1+ 51. Kg2 Qe2+ 52. Kg3
Be5+ 53. f4 Qg4+ 54. Kf2 Qxf4+ 55. Ke2 h4 0-1

[Event "Superettan(Upsala-Vasteras II)"]
[Site "?"]
[Date "2022.05.13"]
[Round "9"]
[White "Wagner, Stephan"]
[Black "Bjorkman, Filip"]
[Result "1-0"]
[WhiteElo "2222"]
[BlackElo "1987"]
[PlyCount "69"]

1. c4 Nf6 2. Nc3 g6 3. g3 c6 4. e4 e5 5. Bg2 Bg7 6. Nge2 O-O 7. O-O d6 8. d4
Bg4 9. h3 exd4 10. hxg4 dxc3 11. Nxc3 Qe7 12. Bf4 Rd8 13. g5 Ne8 14. Qb3 Na6
15. Rad1 Nc5 16. Qa3 Ne6 17. Rfe1 Bf8 18. Qa5 Nxf4 19. gxf4 Ng7 20. Re3 Nh5 21.
Ne2 f6 22. Bf3 Ng7 23. Bg4 Ne6 24. gxf6 Qxf6 25. Qc3 Qf7 26. f5 Nc5 27. f6 a5
28. f4 h5 29. Bh3 Bh6 30. Rf1 Rf8 31. e5 Rae8 32. Qd4 Rd8 33. e6 Qxf6 34. e7
Qxd4 35. Nxd4 1-0

[Event "Superettan(Farsta-SS 4 Springare)"]
[Site "?"]
[Date "2022.05.13"]
[Round "9"]
[White "Hjelm, Niclas"]
[Black "Jakenberg, Jussi"]
[Result "0-1"]
[WhiteElo "2266"]
[BlackElo "2113"]
[PlyCount "60"]

1. d4 Nf6 2. c4 e6 3. Nf3 b6 4. a3 Bb7 5. Bf4 Be7 6. Nc3 d5 7. e3 a6 8. Rc1
dxc4 9. Bxc4 O-O 10. O-O Nbd7 11. Qe2 Nh5 12. Be5 Nxe5 13. Nxe5 Nf6 14. Rfd1
Nd7 15. Nf3 Bxf3 16. Qxf3 Bd6 17. Qe2 b5 18. Bd3 Rc8 19. Ne4 Qe7 20. Qc2 g6 21.
Qc6 Nb8 22. Qc2 c6 23. g3 Rc7 24. a4 Rfc8 25. Be2 Kg7 26. Bf3 Nd7 27. Qc3 Bb4
28. Qb3 Nb6 29. axb5 cxb5 30. Be2 Rxc1 0-1